Biblia medieval romanceada (Record no. 33132)

MARC details
000 -LEADER
campo de control de longitud fija 01064nam a2200265 i 4500
001 - NÚMERO DE CONTROL
campo de control 33132
003 - IDENTIFICADOR DE NÚMERO DE CONTROL
campo de control ES-MaACL
005 - FECHA Y HORA DE LA ÚLTIMA TRANSACCIÓN
campo de control 20250822055318.0
007 - CAMPO FIJO DE DESCRIPCIÓN FÍSICA--INFORMACIÓN GENERAL
campo de control de longitud fija t|
008 - DATOS DE LONGITUD FIJA--INFORMACIÓN GENERAL
campo de control de longitud fija 030201s1927 ag ||||1| spa d
130 0# - ENTRADA PRINCIPAL--TÍTULO UNIFORME
Título uniforme Biblia.
Lenguaje de la obra Español
9 (RLIN) 119282
245 10 - MENCIÓN DEL TÍTULO
Título Biblia medieval romanceada
Resto del título : según los manuscritos escurialenses I-j-3, I-j-8 y I-j-6 /
Mención de responsabilidad, etc. edición de Américo Castro, Agustín Millares Carlos y Angel J. Battistessa.
260 ## - PUBLICACIÓN, DISTRIBUCIÓN, ETC.
Lugar de publicación, distribución, etc. Buenos Aires :
Nombre del editor, distribuidor, etc. Facultad de Filosofía y Letras,
Fecha de publicación, distribución, etc. 1927.
300 ## - DESCRIPCIÓN FÍSICA
Extensión 285 p., [2] h. de lám. ;
Dimensiones 24 cm.
505 8# - NOTA DE CONTENIDO CON FORMATO
Nota de contenido con formato Contiene: T. I: Pentateuco / prólogo de Amado Alonso
630 04 - PUNTO DE ACCESO ADICIONAL DE MATERIA--TÍTULO UNIFORME
Título uniforme Biblia.
Nombre de parte o sección de la obra A.T.-
Subdivisión general Traducciones al español.
9 (RLIN) 153396
700 1# - ENTRADA AGREGADA--NOMBRE PERSONAL
Nombre de persona Castro, Américo,
Fechas asociadas al nombre 1885-1972
9 (RLIN) 226525
700 1# - ENTRADA AGREGADA--NOMBRE PERSONAL
Nombre de persona Millares Carlo, Agustín,
Fechas asociadas al nombre 1893-1980
9 (RLIN) 81176
700 1# - ENTRADA AGREGADA--NOMBRE PERSONAL
Nombre de persona Battistessa, Angel J.
9 (RLIN) 26485
700 1# - ENTRADA AGREGADA--NOMBRE PERSONAL
Nombre de persona Alonso, Amado.
9 (RLIN) 20182
740 0# - ENTRADA AGREGADA--TÍTULO RELACIONADO/ANALÍTICO NO CONTROLADO
Título relacionado o analítico no controlado Pentateuco.
852 ## - LOCALIZACIÓN
Ubicación ES-MaACL
Número de control de estantería B-13106
Nota libre .- Ded. manuscrita de Agustín Millares Carlo
852 ## - LOCALIZACIÓN
Ubicación ES-MaACL
Número de control de estantería B-13076
Holdings
Estatus retirado Estado de pérdida Estado de daño No para préstamo Biblioteca de origen Biblioteca actual Ubicación en estantería Fecha de adquisición Fuente de adquisición Total de préstamos Signatura topográfica completa Código de barras Visto por última vez Precio de reemplazo Tipo de ítem Koha
        Biblioteca del Ateneo de Madrid Biblioteca del Ateneo de Madrid Sala Pardo Bazán 11/04/2012     B-13076 1189196 23/02/2023 23/02/2023 Libro impreso
        Biblioteca del Ateneo de Madrid Biblioteca del Ateneo de Madrid Sala Pardo Bazán 17/01/2008     B-13106 1034439 23/02/2023 23/02/2023 Libro impreso